| 000 | 01271nam a2200337 i 4500 | ||
|---|---|---|---|
| 003 | CO-BoRNBP | ||
| 005 | 20230705221727.0 | ||
| 007 | ta | ||
| 008 | 201118s2017 ck o er 000 0dspa d | ||
| 020 | _a9789587820133 | ||
| 040 |
_aCO-BoRNBP _bspa _erda _cCO-BoRNBP |
||
| 041 | 0 | _aspa | |
| 043 | _as-ck--- | ||
| 082 | 0 | 4 |
_a305.809861 _bJ17e _222 |
| 082 | 0 | 4 |
_a305.8 _bJ17e |
| 100 | 1 |
_aJaramillo Hincapié, Jorge Iván _eautor _9200200 |
|
| 245 | 1 | 0 |
_aEntre lo individual y lo colectivo _bcuestiones afrocolombianas _ccompilador Jorge Iván Jaramillo Hincapié |
| 250 | _aPrimera edición | ||
| 264 | 1 |
_aBogotá, Colombia _bUniversidad Santo Tomás _c2017 |
|
| 300 |
_axiv, 132 páginas _bilustraciones, fotográfias _c24 cm |
||
| 336 |
_atexto _btxt _2rdacontent |
||
| 337 |
_asin mediación _bn _2rdamedia |
||
| 338 |
_avolumen _bnc _2rdacarrier |
||
| 504 | _aIncluye bibliografía al final de cada capitulo | ||
| 521 | _aRecomendado para público adulto | ||
| 545 | _aIncluye datos biográficos del autor en la solapa | ||
| 650 | 1 | 7 |
_aAfrocolombianos _xAspectos socioeconómicos _vEnsayos _2LEMB _9162140 |
| 650 | 1 | 7 |
_aAfrocolombianos _xSituación legal _vEnsayos _2LEMB _9162141 |
| 650 | 1 | 7 |
_aDiscriminación social _zColombia _vEnsayos _2LEMB _9162142 |
| 942 |
_2ddc _cBK |
||
| 999 |
_c3821 _d3821 |
||